Igniting Collective Goodness/ (Record no. 212174)

MARC details
000 -LEADER
fixed length control field 00527nam a22001697a 4500
005 - DATE AND TIME OF LATEST TRANSACTION
control field 20250707143816.0
010 ## - LCCN (DPL NO)
LC control number ENG-145759
020 ## - INTERNATIONAL STANDARD BOOK NUMBER
International Standard Book Number 9789357433372
Terms of availability 465.00
035 ## - SYSTEM CONTROL NUMBER
System control number EN-129291
037 ## - SOURCE OF ACQUISITION
Source of stock number/acquisition DBAD/
082 ## - DEWEY DECIMAL CLASSIFICATION NUMBER
Classification number 320.101
245 ## - TITLE STATEMENT
Title Igniting Collective Goodness/
Statement of responsibility, etc National Book Trust, India
260 ## - PUBLICATION, DISTRIBUTION, ETC. (IMPRINT)
Place of publication, distribution, etc New Delhi
Name of publisher, distributor, etc National Book Trust
270 ## - ADDRESS
Address Nehru Bhawan,5 Institutional Area, Phase-2 Vasant Kunj
City New Delhi
Postal code 110070
300 ## - PHYSICAL DESCRIPTION
Extent 342p.
Dimensions 21.5cm(pb)
942 ## - ADDED ENTRY ELEMENTS (KOHA)
Source of classification or shelving scheme Dewey Decimal Classification
Item type English Books
Classification part 320.101
Call number suffix Ign
Holdings
Withdrawn status Lost status Not for loan Collection code Home library Current library Date acquired Source of acquisition Cost, normal purchase price Full call number Barcode Copy number Cost, replacement price Koha item type
      Non-fiction Mobile Library Mobile Library 07/07/2025 DBAD 465.00 320.101 IGN EN-129291 1 465.00 English Books

© Delhi Public Library
Hit Counter
free hit counter